Les Etats des Etats-Unis par ordre alphabétique - Statistiques

Statistiques générales
  • Ce quiz a été pris 244 fois
    216 depuis la dernière actualisation
  • Le résultat moyen est 37 sur 50
Statistiques - réponses
LETTRE ETATS % Correct
A Alabama
95%
A Arizona
88%
A Alaska
86%
C Californie
86%
A Arkansas
85%
F Floride
81%
G Géorgie
81%
K Kansas
79%
C Caroline du Nord
78%
C Caroline du Sud
78%
D Dakota du Sud
78%
H Hawaï
78%
D Dakota du Nord
77%
I Illinois
77%
W Washington
77%
K Kentucky
76%
M Maine
76%
N Nevada
76%
I Iowa
74%
U Utah
74%
L Louisiane
73%
V Virginie
73%
I Idaho
72%
I Indiana
72%
M Mississippi
72%
P Pennsylvanie
72%
T Texas
72%
W Wyoming
72%
C Colorado
71%
C Connecticut
71%
N New York
71%
W Wisconsin
71%
O Oregon
70%
V Vermont
70%
M Maryland
69%
M Massachusetts
69%
D Delaware
68%
O Ohio
68%
M Minnesota
67%
O Oklahoma
67%
T Tennessee
67%
M Missouri
66%
N Nebraska
66%
N Nouveau-Mexique
66%
M Montana
65%
N New Hampshire
65%
V Virginie-Occidentale
65%
R Rhode Island
64%
M Michigan
63%
N New Jersey
62%
Aucun quiz correspondant
Distribution des résultats
% des personnes avec chaque résultat
Percentile par nombre de réponses
Votre historique - résultats
Vous n’avez pas pris ce quiz depuis la dernière actualisation